Problematika obstarania informačného systému v malom podniku

V súčasnosti spolu s nárastom podnikateľských možností pre malé podniky, rastie tiež význam prístupu ku cielenejším a podrobnejším informáciám. Implementácia informačných systémov do podnikateľskej jednotky, klasifikovanej ako malej, je determinovaná možnosťami vývoja informačných systémov určených...

Descripción completa

Guardado en:
Detalles Bibliográficos
Autor principal: Gál, Tomáš
Formato: Capítulo de libro
Lenguaje:eslovaco
Materias:
Etiquetas: Agregar Etiqueta
Sin Etiquetas, Sea el primero en etiquetar este registro!

MARC

LEADER 00000naa$a2200000$$$4500
001 0043626
005 20240502071520.1
041 0 |a slo 
044 |a SK 
245 1 0 |a Problematika obstarania informačného systému v malom podniku  |c Tomáš Gál 
520 |a V súčasnosti spolu s nárastom podnikateľských možností pre malé podniky, rastie tiež význam prístupu ku cielenejším a podrobnejším informáciám. Implementácia informačných systémov do podnikateľskej jednotky, klasifikovanej ako malej, je determinovaná možnosťami vývoja informačných systémov určených pre takýto okruh zákazníkov. Kritéria obstarania informačného systému možno generalizovať na zaklade predpokladov uvedených v príspevku, čo môže viesť k vytvoreniu univerzálne použiteľnej metódy viacúrovňovej komparácie aspektov (softvér, hardvér, služby, právne podmienky ...) ponúkaných riešení. Implementáciou takejto metódy do rozhodovacieho procesu získa podnik možnosť využívať pre svoje potreby optimálny infomačný systém, ktorého využívanie povedie k maximalizácii zisku, racionalizácii využívania zdrojov a celkovému zlepšeniu efektívnosti podniku. 
610 2 0 |a podnik malý 
610 2 0 |a systémy informačné 
610 2 0 |a systémy informačné podnikové 
610 2 0 |a procesy rozhodovacie 
610 2 0 |a metódy 
610 2 0 |a efektívnosť 
100 1 |a Gál, Tomáš